000 00891nas a2200301 4500
001 BR0904605
003 BR-BrBNA
005 20231205113527.0
007 ta
008 230509b bl.|||p| |||| 00| 00por d
040 _aBR-BrBNA
_bpor
_cBiblioteca Nacional de Agricultura
041 _a(Pt)
072 _aF03; F02
100 1 _aBarbosa, W.
100 1 _aChagas, E.A.
100 1 _aMartins, L.
100 1 _aPio, R.
100 1 _aTucci, M.L.S.
100 1 _aArtioli, F.A.
245 1 _aGerminação de sementes e desenvolvimento inicial de plântulas de achachairu
650 _aFRUTA TROPICAL
650 _aGERMINAÇÃO
650 _aSEMENTE
650 _aPROPAGAÇÃO VEGETATIVA
773 0 _tRevista Brasileira de Fruticultura (Brazil)
_xISSN 0100 2945
_g(Mar 2008), v. 30(1) p. 263-266
_wBR0904605
909 _a202311
_bLúcia
_c55
_dLúcia Elande
942 _2AGRIS
_n0
_cANA
999 _c204252
_d204252